Anuario estadístico de America Latina 1979 /
Saved in:
| Corporate Authors: | , |
|---|---|
| Format: | Text |
| Published: |
Santiago:
Naciones Unidas
|
| Tags: |
Add Tag
No Tags, Be the first to tag this record!
|
MARC
| LEADER | 00000 a a2200000 04500 | ||
|---|---|---|---|
| 001 | 25356 | ||
| 003 | |||
| 040 | |||
| 090 | |a 181300 | ||
| 110 | |a Comisión Económica para América Latina y el Caribe | ||
| 245 | |a Anuario estadístico de America Latina 1979 / |c Comisión Económica para América Latina y el Caribe | ||
| 260 | |a Santiago: |b Naciones Unidas | ||
| 300 | |a 457 p |b **no definido** | ||
| 710 | |a Naciones Unidas | ||
| 999 | |c 13917 |d 13917 | ||
